000 00590nam a22001937a 4500
999 _c1368
_d1368
003 AR-CdUCM
008 190226b ||||| |||| 00| 0 spa d
040 _aMUNICIPALIDAD PROVINCIAL DEL CUSCO
_cBIBLIOTECA MUNICIPAL DEL CUSCO
082 _a869.56 /
_bB34
100 _aBecerra Albitres, Ricardo
_95229
245 _aAlcabala del viento /
260 _aLima :
_bEdiciones Libro Amigo,
_c1990.
300 _a30 páginas ;
_c21 cm.
650 _aLiteratura peruana
_9169
650 _aPoesías peruanas
_91481
650 _aPoesías siglo XX
_93861
942 _2ddc
_cLIBROS
945 _azta